000 00287nam a22001337a 4500
008 181015b xxu||||| |||| 00| 0 eng d
020 _a9780205274949
041 _aeng
080 _a370
100 _a49
101 _aEDU
245 _aRead And Write
_cRuddell.r.b
942 _2udc
_cBK
999 _c49639
_d49639